[Event "VISA Nordic GP Final"]
[Site "Gentofte"]
[Date "1999.08.18"]
[Round "11"]
[White "Agdestein, Simen"]
[Black "Westerinen, Heikki MJ"]
[Result "0-1"]
[WhiteElo "2580"]
[BlackElo "2382"]
[PlyCount "84"]
[EventDate "1999.08.05"]
[Source "ChessBase"]
[SourceDate "1999.12.01"]

1. d4 d5 2. c4 c5 3. cxd5 Nf6 4. Nc3 Nxd5 5. e4 Nxc3 6. bxc3 cxd4 7. cxd4 e6 8. Nf3 Bb4+ 9. Bd2 Bxd2+ 10. Qxd2 O-O 11. Be2 b6 12. O-O Bb7 13. Qf4 Qf6 14. Qe3 Nc6 15. Rad1 Rfd8 16. Rd2 Rdc8 17. Rfd1 Nb4 18. Ne1 h6 19. f4 Rc7 20. a3 Nc6 21. Nf3 Rac8 22. e5 Qe7 23. f5 Na5 24. f6 Qf8 25. h4 Rc3 26. Qf4 Nb3 27. Rb2 Bd5 28. fxg7 Qxg7 29. Rf1 Nc1 30. Ba6 Nd3 31. Bxd3 Rxd3 32. Rbf2 Rxa3 33. Kh2 Rcc3 34. g4 Re3 35. Ng1 Re4 36. Qxf7+ Qxf7 37. Rxf7 Rxg4 38. Rf8+ Kh7 39. R1f7+ Kg6 40. Rg8+ Kh5 41. Rxg4 Kxg4 42. Rf2 b5 0-1

[Event "Andorra la Vella op"]
[Site "Andorra la Vella"]
[Date "1999.06.30"]
[Round "5"]
[White "Kuzmin, Alexey"]
[Black "Westerinen, Heikki MJ"]
[Result "1-0"]
[WhiteElo "2559"]
[BlackElo "2399"]
[PlyCount "105"]
[EventDate "1999.06.27"]
[Source "www.chesslib.no"]
[SourceDate "2004.05.04"]

1. d4 d5 2. c4 c5 3. cxd5 Nf6 4. Nf3 cxd4 5. Qxd4 Qxd5 6. Nc3 Qxd4 7. Nxd4 a6 8. g3 Bd7 9. Bg2 e5 10. Nf3 Bc6 11. O-O Nbd7 12. b3 g6 13. Bb2 Bg7 14. Rac1 O-O 15. Rc2 Rfe8 16. Nd2 Bxg2 17. Kxg2 Rac8 18. Rfc1 Nb6 19. a4 Rcd8 20. Nce4 Nxe4 21. Nxe4 Nd5 22. Rd2 Nb4 23. Rc7 b6 24. Rdd7 Rxd7 25. Rxd7 Nc6 26. Nd6 Rf8 27. Rc7 Nd8 28. Ra7 a5 29. Ra6 Ne6 30. Rxb6 Rd8 31. Nc4 e4 32. Bxg7 Kxg7 33. Nxa5 Rd2 34. e3 Nc5 35. Nc4 Ra2 36. Ne5 f6 37. b4 fxe5 38. bxc5 Rxa4 39. Re6 Rc4 40. Rxe5 Kf6 41. Rd5 Rc1 42. h4 h5 43. Rd6+ Kf5 44. Rc6 Rc2 45. Rc8 Rc1 46. c6 Kf6 47. c7 Kg7 48. g4 hxg4 49. Kg3 Rc2 50. Kxg4 Kh7 51. Kf4 Rxf2+ 52. Kxe4 Rc2 53. Kf3 1-0

[Event "Villa de Benasque 19th op"]
[Site "Benasque"]
[Date "1999.??.??"]
[Round "4"]
[White "Izeta Txabarri, Felix"]
[Black "Westerinen, Heikki MJ"]
[Result "1-0"]
[WhiteElo "2516"]
[BlackElo "2393"]
[PlyCount "77"]
[EventDate "1999.??.??"]
[Source "www.chesslib.no"]
[SourceDate "2004.05.04"]

1. d4 d5 2. c4 c5 3. Nf3 cxd4 4. cxd5 Nf6 5. Nxd4 Nxd5 6. e4 Nc7 7. Nc3 g6 8. Be3 Bg7 9. Bc4 O-O 10. O-O Bd7 11. Qb3 Nc6 12. Nxc6 Bxc6 13. Rfd1 Qe8 14. Rac1 b6 15. Bf4 Rc8 16. a4 h6 17. f3 Kh7 18. Bf1 Ne6 19. Be3 Nc5 20. Qa3 Rd8 21. a5 Rxd1 22. Rxd1 Qb8 23. b4 Ne6 24. b5 Ba8 25. axb6 axb6 26. Na4 Be5 27. g3 Bd6 28. Qb2 f5 29. Nxb6 Qb7 30. Nxa8 fxe4 31. Nb6 exf3 32. Nd5 Rf5 33. Qa2 h5 34. Qa7 Nd8 35. Qxb7 Nxb7 36. b6 e6 37. Nf4 e5 38. Ne6 Rf6 39. Ba6 1-0

[Event "Bled opB"]
[Site "Bled"]
[Date "1998.07.22"]
[Round "7"]
[White "Schubert, Gyula"]
[Black "Zakurdjaeva, I."]
[Result "1/2-1/2"]
[WhiteElo "2470"]
[BlackElo "2435"]
[PlyCount "160"]
[EventDate "1998.03.21"]
[Source "www.chesslib.no"]
[SourceDate "2004.05.04"]

1. d4 d5 2. c4 c5 3. cxd5 Nf6 4. e4 Nxe4 5. dxc5 Nxc5 6. Nf3 e6 7. Nc3 exd5 8. Qxd5 Qxd5 9. Nxd5 Nba6 10. Ne5 Bd6 11. Bb5+ Kf8 12. Bf4 f6 13. Ng6+ hxg6 14. Bxd6+ Kf7 15. Nf4 g5 16. Bc4+ Ne6 17. Ne2 Bd7 18. Rd1 Rac8 19. Bb3 Kg6 20. O-O Nec5 21. Bc2+ Bf5 22. Bxf5+ Kxf5 23. f4 Ne4 24. Ba3 Rhd8 25. Nd4+ Kg6 26. f5+ Kh7 27. Ne6 Rxd1 28. Rxd1 b5 29. Be7 Rc2 30. g4 Nd2 31. Kf2 Rxb2 32. Ke3 Nc4+ 33. Ke4 Re2+ 34. Kf3 Rd2 35. Rxd2 Nxd2+ 36. Ke2 Ne4 37. a3 Nb8 38. Ke3 Nc3 39. Kd4 Na4 40. Kd5 Nd7 41. Nc7 Ne5 42. h3 Nc3+ 43. Kc5 Ne4+ 44. Kxb5 Nf2 45. Bd6 Ned3 46. Nd5 Nxh3 47. Ka6 Nhf2 48. Ne3 Ne4 49. Bb8 Ndc5+ 50. Kxa7 g6 51. fxg6+ Kxg6 52. Bh2 Nc3 53. Kb6 Ne6 54. Bd6 Nf4 55. Kc6 Nd3 56. Bc7 Kf7 57. Ba5 Ne4 58. Kd5 Nef2 59. Bc3 Nf4+ 60. Kc6 Ne4 61. Bb2 Nd3 62. Bd4 Nc1 63. a4 Nb3 64. Bb6 Ke6 65. Nf5 Ke5 66. Bc7+ Ke6 67. Kb5 Kd7 68. Bb6 Nd6+ 69. Nxd6 Kxd6 70. Be3 f5 71. gxf5 Ke5 72. Kb4 Kxf5 73. Kxb3 Ke5 74. a5 Kd6 75. a6 Kc7 76. Ba7 g4 77. Kb4 g3 78. Kb5 g2 79. Ka5 g1=Q 80. Bxg1 Kb8 1/2-1/2

[Event "Rilton Cup 2002-2003"]
[Site "?"]
[Date "2002.12.29"]
[Round "3"]
[White "Gleizerov Evgeny"]
[Black "Berkell Peder"]
[Result "1-0"]
[WhiteElo "2581"]
[BlackElo "2310"]
[PlyCount "97"]
[EventDate "2002.??.??"]
[Source "www.chesslib.no"]
[SourceDate "2004.05.04"]

1. d4 d5 2. c4 c5 3. cxd5 Nf6 4. e4 Nxe4 5. dxc5 Nxc5 6. Nf3 e6 7. Nc3 exd5 8. Qxd5 Be7 9. Qxd8+ Bxd8 10. Be3 Nba6 11. Bb5+ Bd7 12. Bxd7+ Nxd7 13. O-O-O Ndc5 14. Bxc5 Nxc5 15. Rhe1+ Ne6 16. Nd4 O-O 17. Nxe6 fxe6 18. f3 Bc7 19. h3 Rad8 20. Rxe6 Bf4+ 21. Kc2 Rxd1 22. Nxd1 Rd8 23. Re2 Kf7 24. Nf2 Rc8+ 25. Kb3 Rc6 26. Nd3 Rb6+ 27. Kc2 Rc6+ 28. Kb1 Bd6 29. Rc2 Rxc2 30. Kxc2 Ke6 31. Kd2 Kd5 32. Ke3 g6 33. Nf4+ Ke5 34. Nd3+ Kd5 35. f4 Bc7 36. Nb4+ Kc4 37. Nc2 Bd8 38. Ke4 Bf6 39. Ne3+ Kc5 40. b3 h5 41. g4 hxg4 42. hxg4 b5 43. Nd5 Bb2 44. Ne7 g5 45. fxg5 Kb4 46. Nc6+ Ka3 47. Nxa7 Kxa2 48. Nxb5 Kxb3 49. g6 1-0

[Event "TCh-AUT"]
[Site "?"]
[Date "2001.??.??"]
[Round "?"]
[White "Naumann, A."]
[Black "Penz, H."]
[Result "1/2-1/2"]
[WhiteElo "2485"]
[BlackElo "2350"]
[PlyCount "53"]
[EventDate "2001.??.??"]
[Source "www.chesslib.no"]
[SourceDate "2004.05.04"]

1. d4 d5 2. c4 c5 3. Nf3 Nf6 4. cxd5 cxd4 5. Qxd4 Qxd5 6. Nc3 Qxd4 7. Nxd4 Bd7 8. Ndb5 Kd8 9. Be3 Nd5 10. Bxa7 Bxb5 11. Nxb5 e6 12. O-O-O Nc6 13. e4 Nxa7 14. exd5 Nxb5 15. Bxb5 exd5 16. Rxd5+ Kc7 17. Kb1 Kb6 18. Rc1 Be7 19. Be2 Rac8 20. Rxc8 Rxc8 21. a4 Rd8 22. Rb5+ Ka7 23. Bf3 b6 24. a5 Bc5 25. axb6+ Bxb6 26. Kc2 Rd7 27. Re5 1/2-1/2

[Event "Tel Aviv Spring"]
[Site "Tel Aviv"]
[Date "2002.05.21"]
[Round "2"]
[White "Bykhovsky, Avigdor"]
[Black "Kudischewitsch, David"]
[Result "1/2-1/2"]
[WhiteElo "2452"]
[BlackElo "2376"]
[PlyCount "22"]
[EventDate "2002.05.20"]
[Source "ChessBase"]
[SourceDate "2002.07.08"]

1. d4 d5 2. c4 c5 3. cxd5 Nf6 4. Nf3 cxd4 5. Qxd4 Qxd5 6. Nc3 Qxd4 7. Nxd4 a6 8. g3 Bd7 9. Bg2 e5 10. Nc2 Bc6 11. O-O Bxg2 1/2-1/2

[Event "Lasker mem op"]
[Site "Barlinek"]
[Date "2002.07.27"]
[Round "9"]
[White "Shishkin, Vadim"]
[Black "Demkovich, Anatoliy"]
[Result "0-1"]
[WhiteElo "2396"]
[BlackElo "2426"]
[PlyCount "120"]
[EventDate "2002.07.19"]
[Source "ChessBase"]
[SourceDate "2002.09.11"]

1. d4 d5 2. c4 c5 3. cxd5 Nf6 4. Nf3 cxd4 5. Qxd4 Qxd5 6. Qxd5 Nxd5 7. e4 Nb4 8. Na3 N8c6 9. Be2 f6 10. O-O Be6 11. b3 O-O-O 12. Be3 Bf7 13. Nb5 Kb8 14. Rfd1 Rxd1+ 15. Rxd1 a6 16. Nc3 e5 17. Rd2 a5 18. Nd5 Bg6 19. Nc3 Na6 20. Nh4 Bf7 21. Bxa6 bxa6 22. Nd5 Ba3 23. Nf5 Rg8 24. Nb6 Be6 25. Nd7+ Kc7 26. Nc5 Bc8 27. Rc2 g6 28. Ng3 Rd8 29. f4 Rd1+ 30. Kf2 Bb4 31. h3 Kd6 32. Ne2 Be1+ 33. Kf3 exf4 34. Bxf4+ Ke7 35. Rc1 Rxc1 36. Nxc1 g5 37. Bc7 h5 38. N1d3 Bc3 39. Ke3 Bd4+ 40. Kd2 h4 41. Ke2 Nb4 42. Nxb4 axb4 43. Bb6 Kd6 44. Na4 Ke5 45. Kd3 Bxb6 46. Nxb6 Be6 47. Ke3 a5 48. Na4 f5 49. exf5 Bxf5 50. Nb2 Bb1 51. Nc4+ Kd5 52. Nxa5 Bxa2 53. Kf3 Kc5 54. Kg4 Kb5 55. Nc4 Bxb3 56. Nd2 Bc2 57. Kxg5 Kc5 58. Kxh4 Kd4 59. g4 Kc3 60. g5 Kxd2 0-1

[Event "CSR Ch"]
[Site "Prague CZE"]
[Date "1992.??.??"]
[Round "11"]
[White "Vokac, Marek"]
[Black "Biolek, Richard"]
[Result "1/2-1/2"]
[WhiteElo "2450"]
[BlackElo "2370"]
[PlyCount "139"]
[EventDate "1992.04.??"]
[Source "www.chesslib.no"]
[SourceDate "2004.05.04"]

1. d4 d5 2. c4 c5 3. cxd5 Nf6 4. Nf3 cxd4 5. Qa4+ Qd7 6. Qxd4 Qxd5 7. Nc3 Qxd4 8. Nxd4 a6 9. g3 e5 10. Nb3 Nc6 11. Bg2 Be6 12. O-O O-O-O 13. Be3 Nd5 14. Nxd5 Bxd5 15. Rfc1 Bxg2 16. Kxg2 Rd5 17. Nd2 Bd6 18. Nc4 Bc7 19. Bb6 Bb8 20. e4 Rd3 21. Kf1 f6 22. Ke2 Rd7 23. Na5 Rd6 24. Nxc6 Rxc6 25. Rxc6+ bxc6 26. Rc1 Kd7 27. Be3 Bd6 28. Rc4 Kc7 29. Bd2 h5 30. Ba5+ Kd7 31. b3 Rf8 32. Ra4 Kc8 33. Bd2 Kb7 34. Rc4 Kc7 35. h3 Rh8 36. Rc1 Kd7 37. Be3 Rc8 38. Kd3 Kc7 39. Kc4 Rb8 40. g4 hxg4 41. hxg4 Rh8 42. g5 Rh4 43. Kd3 Rh3 44. gxf6 gxf6 45. Ke2 Rh8 46. Rg1 Be7 47. Kd3 Kd6 48. Rc1 Rh3 49. Rg1 Rh8 50. Rc1 Rh3 51. Ke2 Kc7 52. Rd1 Rh8 53. Kf3 Rg8 54. Bd2 Kd7 55. Bb4+ Ke6 56. Bxe7 Kxe7 57. Rh1 Kd6 58. Rh6 Rf8 59. Kg4 Ke6 60. Rh7 Rg8+ 61. Kf3 Ra8 62. Rc7 Kd6 63. Rb7 a5 64. a3 Rh8 65. Kg4 Rh2 66. Kg3 Rh1 67. Ra7 Rb1 68. Rxa5 Rxb3+ 69. Kg4 Rb2 70. f4 1/2-1/2

[Event "Pula PCA Open"]
[Site "Pula CRO"]
[Date "1994.??.??"]
[Round "?"]
[White "Hulak, Krunoslav"]
[Black "Manievich, Victor"]
[Result "1-0"]
[WhiteElo "2530"]
[BlackElo "2280"]
[PlyCount "109"]
[EventDate "1994.10.??"]
[Source "www.chesslib.no"]
[SourceDate "2004.05.04"]

1. d4 d5 2. c4 c5 3. cxd5 Qxd5 4. Nf3 cxd4 5. Nc3 Qd8 6. Qxd4 Bd7 7. Ne5 Nc6 8. Qxd7+ Qxd7 9. Nxd7 Kxd7 10. Be3 Rd8 11. O-O-O+ Kc8 12. Rxd8+ Kxd8 13. g3 e6 14. Bg2 a6 15. Rd1+ Kc8 16. Na4 Nf6 17. Nb6+ Kc7 18. Nc4 Nd7 19. Bf4+ Kc8 20. Bd6 Bxd6 21. Nxd6+ Kc7 22. Nxb7 Nb4 23. a3 Nd5 24. Na5 N7b6 25. Rd2 f5 26. e3 g5 27. Rc2+ Kd7 28. b4 h5 29. Bf1 Nc7 30. Nb7 Ra8 31. Kb2 h4 32. Kb3 hxg3 33. hxg3 Ra7 34. Nc5+ Kd6 35. a4 Nbd5 36. e4 Nf6 37. Rd2+ Ke7 38. exf5 exf5 39. Bg2 Nce8 40. Re2+ Kf7 41. Bb7 a5 42. bxa5 Rxa5 43. Kb4 Ra7 44. a5 Nc7 45. a6 Nxa6+ 46. Bxa6 f4 47. Bc4+ Kg6 48. gxf4 gxf4 49. Re6 Kg5 50. f3 Nh5 51. Bd3 Nf6 52. Ne4+ Nxe4 53. Bxe4 Rg7 54. Kc5 Kh4 55. Rg6 1-0

[Event "Biel op MTO"]
[Site "Biel"]
[Date "1997.??.??"]
[Round "3"]
[White "Gheorghiu, Florin"]
[Black "Remling, Christian"]
[Result "1/2-1/2"]
[WhiteElo "2485"]
[BlackElo "2310"]
[PlyCount "27"]
[EventDate "1997.07.21"]
[Source "ChessBase"]
[SourceDate "1997.11.24"]

1. d4 d5 2. c4 c5 3. cxd5 Nf6 4. dxc5 Qxd5 5. Qxd5 Nxd5 6. Bd2 e5 7. Nc3 Nxc3 8. Bxc3 Nc6 9. Nf3 f6 10. e3 Bxc5 11. Bc4 Ke7 12. Ke2 Be6 13. Bxe6 Kxe6 14. Rac1 1/2-1/2

[Event "October GM"]
[Site "?"]
[Date "1999.??.??"]
[Round "?"]
[White "Korotylev Alexey"]
[Black "Demkovich Anatoliy"]
[Result "1/2-1/2"]
[WhiteElo "2440"]
[BlackElo "2341"]
[PlyCount "55"]
[EventDate "1999.??.??"]
[Source "www.chesslib.no"]
[SourceDate "2004.05.04"]

1. d4 d5 2. c4 c5 3. cxd5 Nf6 4. Nf3 cxd4 5. Nxd4 Nxd5 6. e4 Nc7 7. Bc4 e5 8. Qh5 Bb4+ 9. Nc3 Qf6 10. Nf3 Nc6 11. O-O Bxc3 12. bxc3 Be6 13. Bxe6 Nxe6 14. Rb1 O-O-O 15. Rb5 g6 16. Qh3 Kb8 17. Nxe5 Nxe5 18. Qg3 Rd3 19. Be3 Ka8 20. Rxe5 Rxc3 21. Rd5 Rhc8 22. h3 Nc5 23. Qg4 Qe6 24. Qd1 Nxe4 25. Qd4 Rxe3 26. Re5 Rd3 27. Qxe4 f5 28. Rxe6 1/2-1/2

[Event "It (open)"]
[Site "Dortmund (Germany)"]
[Date "2007.06.29"]
[Round "7"]
[White "Arduman Can (TUR)"]
[Black "Zaitsev Mikhail (RUS)"]
[Result "0-1"]
[WhiteElo "2317"]
[BlackElo "2463"]
[PlyCount "108"]
[EventDate "2007.??.??"]
[Source "www.chesslib.no"]
[SourceDate "2004.05.04"]

1. d4 d5 2. c4 c5 3. cxd5 Nf6 4. Nf3 cxd4 5. Qxd4 Qxd5 6. Nc3 Qxd4 7. Nxd4 a6 8. g3 e5 9. Nb3 Bd7 10. Bg2 Bc6 11. O-O Bb4 12. Bg5 Bxc3 13. Bxf6 gxf6 14. bxc3 Bxg2 15. Kxg2 Nd7 16. Rfd1 Rc8 17. Rd6 Ke7 18. Rad1 Rc7 19. c4 Rb8 20. Na5 Rbc8 21. Nb3 b6 22. R1d5 Rb7 23. Nd2 Rc5 24. Rxc5 Nxc5 25. Rc6 Ne6 26. Rc8 f5 27. Nb3 a5 28. Ra8 Kd6 29. Kf3 Rc7 30. Nd2 Kc5 31. e3 Kb4 32. Rb8 Rc6 33. Ke2 Nc5 34. Rf8 Ka3 35. Kd1 Kxa2 36. Kc2 Ne4 37. Rb8 Nxf2 38. Nb1 Ne4 39. Nc3+ Nxc3 40. Kxc3 Ka3 41. Rb7 h5 42. Rb8 a4 43. Rb7 f6 44. Rb8 e4 45. Rb7 Rd6 46. c5 bxc5 47. Kc4 Rd3 48. Rb5 Rxe3 49. Rxc5 Kb2 50. Rxf5 Rf3 51. Rb5+ Kc2 52. Kd4 e3 53. Re5 Kd2 54. Ra5 e2 0-1

[Event "CRO-Cup"]
[Site "Pula"]
[Date "2000.??.??"]
[Round "2"]
[White "Brumen, Dinko"]
[Black "Mufic, Goran"]
[Result "1/2-1/2"]
[WhiteElo "2403"]
[BlackElo "2372"]
[PlyCount "87"]
[EventDate "2000.??.??"]
[Source "www.chesslib.no"]
[SourceDate "2004.05.04"]

1. d4 d5 2. c4 c5 3. dxc5 d4 4. Nf3 Nc6 5. e3 e5 6. b4 Nxb4 7. Qa4+ Nc6 8. Nxe5 Bxc5 9. Nxc6 Qd7 10. Qb5 Qxc6 11. Bb2 Qxb5 12. cxb5 Ne7 13. exd4 Bb6 14. Nd2 Nf5 15. Nb3 Be6 16. O-O-O O-O-O 17. Kb1 Bxb3 18. axb3 Nxd4 19. Bc4 Rd7 20. Rhe1 Rhd8 21. f3 g6 22. Rd3 Kb8 23. h4 f6 24. h5 g5 25. Re4 Kc7 26. Ba3 f5 27. Re7 h6 28. Rxd7+ Kxd7 29. Bf7 f4 30. Rd1 Kc7 31. Rc1+ Kd7 32. Rd1 Kc7 33. Bc4 Nxb5 34. Rxd8 Nxa3+ 35. Ka2 Kxd8 36. Kxa3 Bc5+ 37. Ka4 a6 38. Bd5 Kc7 39. b4 Bd4 40. b5 Kb6 41. bxa6 bxa6 42. Be6 Bc3 43. Kb3 Bf6 44. Kc4 1/2-1/2

[Event "Geneve"]
[Site "Geneve"]
[Date "1993.??.??"]
[Round "8"]
[White "Chabanon, Jean Luc"]
[Black "Preissmann, Emmanuel"]
[Result "1/2-1/2"]
[WhiteElo "2415"]
[BlackElo "2330"]
[PlyCount "81"]
[EventDate "1993.10.??"]
[Source "ChessBase"]

1. d4 d5 2. c4 c5 3. dxc5 e6 4. Nc3 Nf6 5. cxd5 exd5 6. Bg5 Bxc5 7. e3 O-O 8. Bd3 d4 9. Bxf6 Qxf6 10. Qh5 g6 11. Qxc5 dxc3 12. Qxc3 Qg5 13. Nf3 Qxg2 14. Ke2 Qh3 15. Rag1 Nc6 16. Rg3 Qh6 17. h4 Qg7 18. Qxg7+ Kxg7 19. h5 Be6 20. a3 Bd5 21. e4 Rae8 22. hxg6 fxg6 23. Ke3 Re7 24. Rgh3 Bg8 25. Ng5 Ne5 26. Be2 h5 27. Rc1 b5 28. f4 Nc4+ 29. Bxc4 bxc4 30. Rh2 Rd7 31. Rc3 Rb8 32. e5 Rdb7 33. e6 Kf6 34. Rxc4 Rxb2 35. Rxb2 Rxb2 36. Rc7 Bxe6 37. Rxa7 Bd5 38. Rd7 Ba2 39. Ra7 Kf5 40. Nf3 Rb3+ 41. Kf2 1/2-1/2

[Event "Ashdod (open)"]
[Site "?"]
[Date "2004.12.09"]
[Round "1.8"]
[White "Psakhis Lev"]
[Black "Gershkowich David"]
[Result "1-0"]
[WhiteElo "2545"]
[BlackElo "2185"]
[PlyCount "127"]
[EventDate "2004.??.??"]
[Source "www.chesslib.no"]
[SourceDate "2004.05.04"]

1. d4 d5 2. c4 c5 3. cxd5 Nf6 4. e4 Nxe4 5. dxc5 Nxc5 6. Nc3 e6 7. Nf3 exd5 8. Qxd5 Be7 9. Qxd8+ Bxd8 10. Be3 Ne6 11. O-O-O O-O 12. Nb5 Nc6 13. Nd6 Bb6 14. Bxb6 axb6 15. Bc4 Na5 16. Kb1 Nxc4 17. Nxc4 Nf4 18. Ne3 Be6 19. b3 Ra5 20. Nd4 Bd5 21. f3 Rfa8 22. Rd2 Re8 23. Nec2 f6 24. Kb2 Bf7 25. Rhd1 Bg6 26. Na3 Rd5 27. g3 Nd3+ 28. Rxd3 Bxd3 29. Rxd3 Re2+ 30. Nac2 Rxh2 31. g4 h5 32. gxh5 Rdxh5 33. b4 Rf2 34. Kb3 Rhh2 35. Rc3 Rd2 36. Rc8+ Kh7 37. Rc7 Rd3+ 38. Kc4 Rdd2 39. Kb5 Rh4 40. Rxb7 Rhxd4 41. Nxd4 Rxd4 42. Rxb6 Rd5+ 43. Kc6 Rd3 44. a4 Rxf3 45. a5 g5 46. a6 g4 47. Kb7 g3 48. a7 Ra3 49. Rc6 f5 50. Rc1 f4 51. Rg1 Kg6 52. a8=Q Rxa8 53. Kxa8 Kf5 54. b5 Ke4 55. b6 f3 56. b7 f2 57. Ra1 g2 58. b8=Q g1=Q 59. Qb7+ Kf4 60. Qf7+ Kg3 61. Ra3+ Kg4 62. Qf3+ Kg5 63. Ra5+ Kg6 64. Qf5+ 1-0

[Event "Budapest FS08 IM-B"]
[Site "Budapest"]
[Date "2002.08.12"]
[Round "10"]
[White "Reiss, Tibor"]
[Black "Mufic, Goran"]
[Result "1-0"]
[WhiteElo "2347"]
[BlackElo "2382"]
[PlyCount "105"]
[EventDate "2002.08.03"]
[Source "ChessBase"]
[SourceDate "2002.09.11"]

1. d4 d5 2. c4 c5 3. cxd5 Nf6 4. Nf3 Nxd5 5. e4 Nf6 6. d5 e6 7. Nc3 exd5 8. exd5 Bd6 9. Bb5+ Bd7 10. O-O O-O 11. Bd3 Bg4 12. Bg5 h6 13. Bh4 g5 14. Bg3 Bxg3 15. hxg3 Nbd7 16. Qc2 Bxf3 17. gxf3 Ne5 18. Kg2 Kg7 19. Rad1 Nxd3 20. Qxd3 Qd6 21. Rd2 Rad8 22. Re1 a6 23. a4 Rfe8 24. Rxe8 Rxe8 25. Nd1 h5 26. Ne3 Kf8 27. Nc4 Qd7 28. Qc3 Ng8 29. d6 f6 30. a5 g4 31. Nb6 Qc6 32. d7 Rd8 33. Rd5 Ne7 34. Rxh5 gxf3+ 35. Qxf3 Qxf3+ 36. Kxf3 Nc6 37. Rxc5 Ke7 38. Rh5 Ke6 39. g4 Ne5+ 40. Kg3 Rg8 41. f4 Nc6 42. Rh6 Nd4 43. Kf2 Ke7 44. Nd5+ Ke6 45. Nxf6 Rb8 46. Ke3 Nc6 47. f5+ Ke7 48. g5 Nxa5 49. Rh7+ Kd6 50. Ne8+ Kd5 51. g6 Nc6 52. g7 Ne7 53. f6 1-0

[Event "Manhems op"]
[Site "Manhems"]
[Date "1998.??.??"]
[Round "3"]
[White "Hjelm, Niclas"]
[Black "Westerinen, Heikki MJ"]
[Result "1/2-1/2"]
[WhiteElo "2315"]
[BlackElo "2410"]
[PlyCount "47"]
[EventDate "1998.??.??"]
[Source "www.chesslib.no"]
[SourceDate "2004.05.04"]

1. d4 d5 2. c4 c5 3. Nf3 cxd4 4. cxd5 Nf6 5. Qxd4 Qxd5 6. Nc3 Qxd4 7. Nxd4 a6 8. Bg5 e6 9. g3 h6 10. Bd2 Bd7 11. Bg2 e5 12. Nb3 Bc6 13. O-O Bxg2 14. Kxg2 Nc6 15. Be3 Bb4 16. Rfd1 Ke7 17. Nd5+ Nxd5 18. Rxd5 Rhd8 19. Rad1 Rxd5 20. Rxd5 Ke6 21. Rd1 Rd8 22. Rxd8 Nxd8 23. Bb6 Kd7 24. Kf3 1/2-1/2

[Event "Maccabia GM 16th"]
[Site "Tel Aviv"]
[Date "2001.07.16"]
[Round "2"]
[White "Roiz, Michael"]
[Black "Shutzman, Joseph"]
[Result "1-0"]
[WhiteElo "2511"]
[BlackElo "2212"]
[PlyCount "33"]
[EventDate "2001.07.15"]
[Source "ChessBase"]
[SourceDate "2001.09.11"]

1. d4 d5 2. c4 c5 3. cxd5 Nf6 4. e4 Nxe4 5. dxc5 Nxc5 6. Nc3 e5 7. Be3 Bd6 8. Nf3 O-O 9. Rc1 Bg4 10. h3 Bh5 11. Nb5 Nba6 12. b4 Ne4 13. a3 Nc7 14. Nxc7 Bxc7 15. Qc2 Qxd5 16. Qxc7 Bxf3 17. Bc4 1-0

[Event "Tel Aviv Spring"]
[Site "Tel Aviv"]
[Date "2002.05.27"]
[Round "9"]
[White "Kreizberg, Michael"]
[Black "Kudischewitsch, David"]
[Result "1-0"]
[WhiteElo "2334"]
[BlackElo "2376"]
[PlyCount "75"]
[EventDate "2002.05.20"]
[Source "ChessBase"]
[SourceDate "2002.07.08"]

1. d4 d5 2. c4 c5 3. Nf3 cxd4 4. cxd5 Nf6 5. Nxd4 Nxd5 6. e4 Nb6 7. Nc3 e6 8. Be3 Be7 9. Be2 O-O 10. O-O a6 11. Rc1 N6d7 12. f4 b5 13. e5 Nb6 14. Bf3 Nd5 15. Nxd5 exd5 16. Qb3 Bb7 17. Nf5 Nc6 18. Qxd5 Na5 19. Qxd8 Bxd8 20. Bc5 Bxf3 21. Bxf8 Be2 22. Bc5 Bxf1 23. Kxf1 Nc4 24. b3 Rc8 25. Ba3 Nd2+ 26. Ke2 Rxc1 27. Bxc1 Ne4 28. Bb2 g6 29. Ne3 Kf8 30. Nd5 Ke8 31. Bd4 f5 32. exf6 Kf7 33. Ke3 Nd6 34. g4 Ke6 35. Nc3 h5 36. h3 hxg4 37. hxg4 b4 38. Ne4 1-0

[Event "Moscow RUS"]
[Site "?"]
[Date "1996.??.??"]
[Round "9"]
[White "Umanskaya Irina"]
[Black "Gorbatow Alexej"]
[Result "0-1"]
[WhiteElo "2295"]
[BlackElo "2415"]
[PlyCount "80"]
[EventDate "1996.??.??"]
[Source "www.chesslib.no"]
[SourceDate "2004.05.04"]

1. d4 d5 2. c4 c5 3. Nc3 cxd4 4. Qxd4 Nc6 5. Qxd5 Be6 6. Qb5 a6 7. Qa4 g6 8. e3 Bg7 9. Nf3 Bxc3+ 10. bxc3 Nf6 11. Be2 Qa5 12. Qxa5 Nxa5 13. Nd2 Rc8 14. Rb1 Bf5 15. Rb4 Rc7 16. Bf3 Bd3 17. Nb3 Nc6 18. Rxb7 Kd8 19. Rb6 Ne5 20. Be2 Bxc4 21. Bxc4 Nxc4 22. Rb8+ Rc8 23. Rxc8+ Kxc8 24. Nd2 Ne5 25. Ba3 Kd7 26. O-O Rc8 27. Rd1 Ke6 28. Nb3 Ne4 29. Nd4+ Kf6 30. Ne2 Nc4 31. Bc1 e5 32. f3 Nc5 33. e4 Rb8 34. Kf2 Ke6 35. Be3 Na4 36. f4 Rb2 37. Bc1 Rxa2 38. fxe5 Nxc3 39. Re1 Nxe5 40. Ke3 Ng4+ 0-1

[Event "Independence Cup op"]
[Site "?"]
[Date "2001.08.21"]
[Round "?"]
[White "Kirichenko Vitaly"]
[Black "Demkovich Anatoliy"]
[Result "1-0"]
[WhiteElo "2282"]
[BlackElo "2425"]
[PlyCount "101"]
[EventDate "2001.??.??"]
[Source "www.chesslib.no"]
[SourceDate "2004.05.04"]

1. d4 d5 2. c4 c5 3. cxd5 Nf6 4. dxc5 Qxd5 5. Qxd5 Nxd5 6. e4 Nb4 7. Kd1 Bg4+ 8. Nf3 N8c6 9. Be3 Rd8+ 10. Nbd2 e5 11. a3 Nd3 12. Bxd3 Rxd3 13. Ke2 Rd8 14. b4 Be7 15. Rhd1 O-O 16. h3 Be6 17. Rac1 a5 18. b5 Nd4+ 19. Bxd4 exd4 20. Nb1 Ba2 21. c6 bxc6 22. bxc6 Bd6 23. Rxd4 Bf4 24. Nbd2 f6 25. Rc2 Be6 26. Nc4 Bc8 27. Rxd8 Rxd8 28. a4 Ba6 29. g3 Bc7 30. Ke3 Bb8 31. Ne1 Ba7+ 32. Kf3 Kf7 33. c7 Rd7 34. Ne3 Bxe3 35. Kxe3 Bc8 36. Nf3 Rd1 37. Nd4 Ke7 38. Nb5 Kd7 39. Na7 Rd6 40. Rd2 Rxd2 41. Kxd2 Kxc7 42. Nxc8 Kxc8 43. Kc3 Kc7 44. Kc4 Kc6 45. f4 g5 46. fxg5 fxg5 47. e5 h5 48. Kd4 Kd7 49. Kd5 h4 50. g4 Ke7 51. e6 1-0

[Event "Bratislava Open"]
[Site "Bratislava SVK"]
[Date "1993.??.??"]
[Round "2"]
[White "Fish, Gennadij"]
[Black "Lenhart, Djuro"]
[Result "1-0"]
[WhiteElo "2440"]
[BlackElo "2260"]
[PlyCount "39"]
[EventDate "1993.??.??"]
[Source "www.chesslib.no"]
[SourceDate "2004.05.04"]

1. d4 d5 2. c4 c5 3. Nf3 Nc6 4. cxd5 Qxd5 5. Nc3 Qd8 6. d5 Nb4 7. e4 a6 8. a3 Qa5 9. Bg5 f5 10. axb4 Qxb4 11. Bb5+ Bd7 12. Bxd7+ Kxd7 13. O-O h6 14. Be3 fxe4 15. Ne5+ Kc7 16. d6+ Kd8 17. dxe7+ Kxe7 18. Qd7+ Kf6 19. Qf7+ Kxe5 20. Bf4+ 1-0

[Event "Tel Aviv Last Autumn"]
[Site "?"]
[Date "2002.11.06"]
[Round "5"]
[White "Kaganskiy Gleb"]
[Black "Kudischewitsch David"]
[Result "1/2-1/2"]
[WhiteElo "2315"]
[BlackElo "2384"]
[PlyCount "118"]
[EventDate "2002.??.??"]
[Source "www.chesslib.no"]
[SourceDate "2004.05.04"]

1. d4 d5 2. c4 c5 3. cxd5 Nf6 4. Nf3 cxd4 5. Qxd4 Qxd5 6. Nc3 Qxd4 7. Nxd4 a6 8. g3 Bd7 9. Bg2 e5 10. Nb3 Bc6 11. O-O Bxg2 12. Kxg2 Nc6 13. Bg5 Nd7 14. Rfd1 f6 15. Be3 O-O-O 16. Rac1 Kb8 17. Nd5 Bd6 18. Nd2 Ne7 19. Nc4 Nxd5 20. Rxd5 Bc7 21. Rcd1 Kc8 22. Rc1 Kb8 23. Rcd1 Kc8 24. Nd6+ Bxd6 25. Rxd6 Nb8 26. Bb6 Rxd6 27. Rxd6 Nc6 28. Kf3 Re8 29. Ke4 Re7 30. a3 Re8 31. g4 Nb8 32. Kd5 Nd7 33. Ba5 Nf8 34. e3 e4 35. Kd4 Nd7 36. h3 Ne5 37. Bb6 Nd3 38. f3 Nf2 39. fxe4 Rxe4+ 40. Kd5 Re8 41. Re6 Kd7 42. Rd6+ Ke7 43. Re6+ Kf7 44. Rxe8 Kxe8 45. Kd6 Nxh3 46. e4 Ng5 47. Kc7 Nxe4 48. Kxb7 g6 49. Kxa6 h5 50. gxh5 gxh5 51. Be3 h4 52. a4 h3 53. Bf4 Nc5+ 54. Kb5 Ne6 55. Bh2 f5 56. Kc4 f4 57. b4 f3 58. Kd3 Nd4 59. Ke3 Nc2+ 1/2-1/2